000 00557nasaa2200205 4500
008 b xx# fre u
040 _aLB-BrCRDP
082 _a505/S416
130 1 _lFR
245 1 0 _aSciences et avenir
260 _aParis
_bs.n.,
_c1998-
300 _bill. en coul. ;
_c28cm
500 _aMensuel
500 _a12 numéros par an
500 _a1er numéro 611 (Janvier 1998)
650 _aSciences
_xPériodiques
650 _aInformations scientifiques
_xPériodiques
942 _c
999 _c12811
_d12811